Statistics for Countries of the World in Alphabetical Order with Shapes on a Map

Click here to take the quiz!

General Stats

  • This quiz has been taken 84 times
  • The average score is 169 of 196

Answers on the Map

Answers color-coded by a green-red scale on the quiz's map according to % correct below.
 

Answer Stats

Country% Correct
Afghanistan
99%
Albania
97%
Algeria
97%
Andorra
89%
Angola
89%
Argentina
89%
Australia
89%
Austria
89%
Antigua and Barbuda
88%
Armenia
88%
Bahamas
88%
Bangladesh
88%
Bolivia
88%
Brazil
88%
Cambodia
88%
Canada
88%
Chile
88%
China
88%
Colombia
88%
Croatia
88%
Cuba
88%
Democratic Republic
of the {Congo}
88%
Denmark
88%
Ecuador
88%
Egypt
88%
Estonia
88%
Ethiopia
88%
Finland
88%
France
88%
Germany
88%
Ghana
88%
Greece
88%
Guatemala
88%
Honduras
88%
Hungary
88%
Iceland
88%
India
88%
Indonesia
88%
Iran
88%
Iraq
88%
Ireland
88%
Italy
88%
Jamaica
88%
Japan
88%
Jordan
88%
Kazakhstan
88%
Kenya
88%
Kosovo
88%
Laos
88%
Latvia
88%
Liberia
88%
Libya
88%
Liechtenstein
88%
Madagascar
88%
Malaysia
88%
Mexico
88%
Mongolia
88%
Namibia
88%
Nepal
88%
Netherlands
88%
New Zealand
88%
Nigeria
88%
North Korea
88%
Belarus
86%
Belgium
86%
Bosnia and
Herzegovina
86%
Burundi
86%
Chad
86%
Costa Rica
86%
Czech Republic
86%
Dominican Republic
86%
El Salvador
86%
Fiji
86%
Gambia
86%
Georgia
86%
Guyana
86%
Haiti
86%
Israel
86%
Lesotho
86%
Lithuania
86%
Luxembourg
86%
Malawi
86%
Maldives
86%
Mali
86%
Monaco
86%
Morocco
86%
Nicaragua
86%
Niger
86%
Norway
86%
Oman
86%
Pakistan
86%
Panama
86%
Papua New Guinea
86%
Paraguay
86%
Peru
86%
Philippines
86%
Poland
86%
Portugal
86%
Qatar
86%
Romania
86%
Russia
86%
Rwanda
86%
Saudi Arabia
86%
Slovakia
86%
Slovenia
86%
Spain
86%
Sweden
86%
Switzerland
86%
Syria
86%
Taiwan
86%
Tanzania
86%
Thailand
86%
Trinidad and Tobago
86%
Tunisia
86%
Turkey
86%
Turkmenistan
86%
Uganda
86%
Ukraine
86%
United Arab Emirates
86%
United Kingdom
86%
United States
86%
Uruguay
86%
Uzbekistan
86%
Vatican City
86%
Venezuela
86%
Vietnam
86%
Yemen
86%
Zambia
86%
Zimbabwe
86%
Azerbaijan
85%
Barbados
85%
Belize
85%
Bhutan
85%
Botswana
85%
Bulgaria
85%
Cameroon
85%
Central African
Republic
85%
Cyprus
85%
Djibouti
85%
Dominica
85%
Eritrea
85%
Guinea
85%
Ivory Coast
85%
Lebanon
85%
Mauritania
85%
Moldova
85%
Montenegro
85%
Mozambique
85%
Myanmar
85%
Republic of the {Congo}
85%
Senegal
85%
Serbia
85%
Somalia
85%
South Africa
85%
South Korea
85%
Sri Lanka
85%
Benin
84%
Brunei
84%
Burkina Faso
84%
Cape Verde
84%
East Timor
84%
Federated States of
{Micronesia}
84%
Gabon
84%
Kuwait
84%
Malta
84%
South Sudan
84%
Sudan
84%
Suriname
84%
Togo
84%
Vanuatu
84%
Bahrain
82%
Comoros
82%
Eswatini
82%
Guinea-Bissau
82%
Mauritius
82%
North Macedonia
82%
Saint Kitts and Nevis
82%
Samoa
82%
San Marino
82%
Seychelles
82%
Tajikistan
82%
Tuvalu
82%
Equatorial Guinea
81%
Grenada
81%
Kyrgyzstan
81%
Saint Lucia
81%
Sierra Leone
81%
Singapore
81%
Tonga
81%
Kiribati
80%
Marshall Islands
80%
Nauru
80%
Palau
80%
Saint Vincent and the
Grenadines
80%
São Tomé and Príncipe
78%
Solomon Islands
77%

Score Distribution

Percentile by Number Answered

Percent of People with Each Score

Your Score History

You have not taken this quiz